CASE FOLIO: The IUP Journal of management case studies (Record no. 8412)

MARC details
000 -LEADER
fixed length control field 00310nam a22001217a 4500
005 - DATE AND TIME OF LATEST TRANSACTION
control field 20230823142534.0
008 - FIXED-LENGTH DATA ELEMENTS--GENERAL INFORMATION
fixed length control field 230823b |||||||| |||| 00| 0 eng d
022 ## - INTERNATIONAL STANDARD SERIAL NUMBER
ISSN 9770972535008
245 ## - TITLE STATEMENT
Title CASE FOLIO: The IUP Journal of management case studies
260 ## - PUBLICATION, DISTRIBUTION, ETC. (IMPRINT)
Place of publication HYDERABAD
Name of publisher IUP
300 ## - PHYSICAL DESCRIPTION
Number of Pages 73;p
942 ## - ADDED ENTRY ELEMENTS (KOHA)
Koha item type Journals/Serial
Holdings
Lost status Damaged status Home library Current library Shelving location Date acquired Source of acquisition Serial Enumeration / chronology Accession Number Koha item type Collection code
    JRU Library JRU Library Periodicals Section 23/08/2023 PURCHASE VOL-23, NO-2, [JUNE-2023] CF0006 Journals/Serial  
    JRU Library JRU Library Periodicals Section 23/08/2023 PURCHASE VOL-XIX, NO-1, [ 2019-MAR] CF0001 Journals/Serial  
    JRU Library JRU Library Periodicals Section 23/08/2023 PURCHASE VOL-XIX-2, NO-2[JUN-2019] CF0002 Journals/Serial  
    JRU Library JRU Library Periodicals Section 23/08/2023 PURCHASE VOL-XIX, NO-3,[SEP-2019] CF0003 Journals/Serial  
    JRU Library JRU Library Periodicals Section 23/08/2023 PURCHASE VOL-XIX, NO-4[DEC-2019] CF0004 Journals/Serial  
    JRU Library JRU Library Periodicals Section 23/08/2023 PURCHASE VOL-XIX, NO-1[MAR-2023] CF0005 Journals/Serial  
    JRU Library JRU Library Periodicals Section 08/11/2023 PURCHASE VOL-23, NO-3, [SEP-2023] CF0007 Journals/Serial  
    JRU Library JRU Library Periodicals Section 17/01/2024 PURCHASE VOI-23, ISSUE-4 [DEC-2023] CF0008 Journals/Serial  
    JRU Library JRU Library Periodicals Section 28/08/2025 SUBSCRIPTION VOL-25, NO-02 [JUNE-2025] CF0009 Journals/Serial IUP JOURNALS
    JRU Library JRU Library Periodicals Section 18/11/2025 PURCHASE VOL-25, NO-03 [JULY-SEP-2025] CF0010 Journals/Serial  
    JRU Library JRU Library Periodicals Section 07/01/2026 PURCHASE VOI-25, ISSUE-4 [OCT-DEC-2025] CF0011 Journals/Serial